=LDR 00000nam 2200000 4500 =001 NUTBA000000000005889 =990 ##$$a 21416841 =005 20251104114849 =990 ##$$a 21416822 =035 ##$$a 0010-111400000000368 =990 ##$$a 21416823 =008 251104###########################0#ind## =990 ##$$a 21416824 =020 ##$$a 979 9417 724 =990 ##$$a 21416825 =040 ##$$a NBPDMAT =990 ##$$a 21416826 =090 ##$$a 372.35 $b And b =990 ##$$a 21416827 =100 ##$$a Andy Santoso =990 ##$$a 21416828 =245 1#$$a Bermain dengan sains /$c Andy Santoso =990 ##$$a 21416829 =260 ##$$a Surabaya :$b Intan cendekia,$c 2008 =990 ##$$a 21416830 =300 ##$$a ... Jil. 1 iv, 52 hlm : $b ilus. ; $c 29 cm =990 ##$$a 21416831 =500 ##$$a Yang diterima : Jil. 1 s.d 4 =990 ##$$a 21416832 =650 #4$$a Sains - SD =990 ##$$a 21416833 =850 ##$$a NBPDMAT =990 ##$$a 21416834 =082 ##$$a 372.535 =990 ##$$a 21416835 =084 ##$$a 372.535 AND b =990 ##$$a 21416836 =990 ##$$a 21416822 =990 ##$$a 21416837 =990 ##$$a 21416823 =990 ##$$a 21416838 =990 ##$$a 21416824 =990 ##$$a 21416839 =990 ##$$a 21416825 =990 ##$$a 21416840 =990 ##$$a 21416826 =990 ##$$a 0001/BPAP-NTB/20142014 =990 ##$$a 21416827 =990 ##$$a 21416828 =990 ##$$a 21416829 =990 ##$$a 21416830 =990 ##$$a 21416831 =990 ##$$a 21416832 =990 ##$$a 21416833 =990 ##$$a 21416834 =990 ##$$a 21416835 =990 ##$$a 21416836 =990 ##$$a 21416837 =990 ##$$a 21416838 =990 ##$$a 21416839 =990 ##$$a 21416840 =990 ##$$a 21416841 =990 ##$$a 0001/BPAP-NTB/20142014